| 000 | nkm a22 a 4500 | ||
|---|---|---|---|
| 999 |
_c398776 _d398776 |
||
| 003 | BLK | ||
| 005 | 20210217113454.0 | ||
| 008 | 210217b bu ||||| |||| 00| 0 bu d | ||
| 040 | _aBLK | ||
| 041 |
_aRUS _cRUS |
||
| 080 |
_aУниверситети _b378.4 _x(497.2)-21(084) _z378.4(497.2)-21(084) |
||
| 100 |
_9409 _aАтанасов, Гриша _eавт.-состав. |
||
| 139 |
_aАтанасов, Гриша _bА 93 |
||
| 245 |
_aСофийский университет имени Климента Охридского _bАльбом _cавт.-состав. Гриша Атанасов; фотогр. Димитр Алексиев; пер. с болг. Татьяны Митевой |
||
| 260 |
_9216188 _aСофия _bСофия-пресс _c1988 |
||
| 300 |
_a104 с. _bс ил. _c30 см |
||
| 380 | _a3 | ||
| 650 | 0 |
_9264907 _aУниверситети - София |
|
| 653 | 7 |
_9196951 _aСофийски университет Св. Климент Охридски |
|
| 700 |
_91631 _aАлексиев, Димитър _eфотогр. |
||
| 700 |
_9275795 _aМитева, Татяна _eпер. с болг. |
||
| 852 |
_aЦб ІІ 25867 _bЦб |
||
| 942 |
_cGRA _n0 _s1 |
||
| 944 |
_aCR _c2021-02-17 _kХристина Везирева |
||